Automata and languages : theory and applications (Record no. 1542)

MARC details
000 -LEADER
Fixed length control field 00529nam a2200169 4500
003 - CONTROL NUMBER IDENTIFIER
Control field SEACOMEC
005 - DATE AND TIME OF LATEST TRANSACTION
Control field 20240808125652.0
008 - FIXED-LENGTH DATA ELEMENTS--GENERAL INFORMATION
Fixed length control field 240808b |||||||| |||| 00| 0 eng d
020 ## - INTERNATIONAL STANDARD BOOK NUMBER / ISBN
International Standard Book Number 9798181283336
Price 695.00
040 ## - CATALOGING SOURCE
Original cataloging agency SEACOMEC
082 ## - DEWEY DECIMAL CLASSIFICATION NUMBER
Classification number 005.131
Book Number M493
100 ## - MAIN ENTRY--PERSONAL NAME
Personal name MEDUNA, ALEXANDER
245 ## - TITLE STATEMENT
Title Automata and languages : theory and applications
Statement of responsibility / by Alexander Meduna
260 ## - IMPRINT
Place of publication New Delhi
Name of publisher SPRINGER INTERNATIONAL
Date of publication 2005
650 ## - SUBJECT ADDED ENTRY--TOPICAL TERM
Topical term Computer Science - Programming Language- Mathematical Logic
942 ## - ADDED ENTRY ELEMENTS (KOHA)
Koha item type Books
Holdings
Withdrawn status Lost status Source of classification Damaged status Not for loan Home library Current library Date acquired Total Checkouts Call number Accession number Date last seen Price effective from Koha item type Copy number
    Dewey Decimal Classification     SEACOM ENGINEERING COLLEGE SEACOM ENGINEERING COLLEGE 03/05/2007   005.131 M493 6601 08/08/2024 08/08/2024 Books  
    Dewey Decimal Classification     SEACOM ENGINEERING COLLEGE SEACOM ENGINEERING COLLEGE 03/05/2007   005.131 M493 6602 08/08/2024 08/08/2024 Books 1
    Dewey Decimal Classification     SEACOM ENGINEERING COLLEGE SEACOM ENGINEERING COLLEGE 03/05/2007   005.131 M493 6603 08/08/2024 08/08/2024 Books 2
    Dewey Decimal Classification     SEACOM ENGINEERING COLLEGE SEACOM ENGINEERING COLLEGE 03/05/2007   005.131 M493 6604 08/08/2024 08/08/2024 Books 3
    Dewey Decimal Classification     SEACOM ENGINEERING COLLEGE SEACOM ENGINEERING COLLEGE 03/05/2007   005.131 M493 6605 08/08/2024 08/08/2024 Books 4
© Seacom Engineering College, All rights reserved.      Powered by Koha